The importance of continued contact with the target muscle for normal postnatal motoneurone development in the rat /
Saved in:
| 主要作者: | |
|---|---|
| 格式: | Thesis 图书 |
| 语言: | English |
| 出版: |
1989.
|
| 主题: | |
| 标签: |
添加标签
没有标签, 成为第一个标记此记录!
|
| LEADER | 00763cam a2200229 a 4500 | ||
|---|---|---|---|
| 001 | u107245 | ||
| 003 | SIRSI | ||
| 008 | 910826s1989 uk v 00 1 eng | ||
| 035 | |a AAL-7049 | ||
| 040 | |a UMP | ||
| 096 | |a WL102.7 |b Kri 1989 | ||
| 100 | 1 | 0 | |a Krishnan, Subramaniam. |
| 245 | 1 | 4 | |a The importance of continued contact with the target muscle for normal postnatal motoneurone development in the rat / |c Subramaniam Krishnan. |
| 260 | |c 1989. | ||
| 300 | |a 234 leaves ; |c 30 cm + |e slides | ||
| 500 | |a Typescript. | ||
| 502 | |a Thesis (Ph.D) -- University of London, 1989. | ||
| 650 | 2 | |a Motor Neurons. | |
| 650 | 2 | |a Muscles |x innervation. | |
| 948 | |a 26/08/1991 |b 28/10/1995 | ||
| 596 | |a 2 | ||
| 999 | |a WL102.7 KRI |w LC |c 1 |i A502457238 |l STACKS |m P02MEDKL |r Y |s Y |t TESIS |u 1/10/1995 | ||
